Music Quiz

Random Music or Clickable Quiz
Score 0/34 Timer 05:00
8 Plays Today
% Correct
Love
92.5%
Arms
91.9%
Shot
91.5%
Name
90.6%
Hair
90.4%
Hand
90%
Face
89.1%
Heart
88.2%
Mind
87.6%
Booty
87.2%
Sleep
85.9%
Finger
85.7%
Hands
85%
Collar
84.6%
Children
84.1%
Lover
83.8%
Man
81.9%
% Correct
Song
81.4%
Body
81.3%
Soul
80.7%
Thing
80.7%
Time
79.9%
Head
77.6%
Eyes
75.5%
Music
75.2%
Loving
73.1%
Glass
73%
Mama
72.7%
Way
71.7%
Woman
69.5%
Records
67.7%
Baby
64.5%
Everything
56.2%
Beautiful
40.4%
Remove Ads.
Support Sporcle.
Get the best of Sporcle when you Go Orange. This ad-free experience offers more features, more stats, and more fun while also helping to support Sporcle. Thank you for becoming a member.

You're not logged in!

Compare scores with friends on all Sporcle quizzes.
OR
Log In

Show Comments

Extras

Top Quizzes Today


Score Distribution

Your Account Isn't Verified!

In order to create a playlist on Sporcle, you need to verify the email address you used during registration. Go to your Sporcle Settings to finish the process.

Report this User

Report this user for behavior that violates our Community Guidelines.

Details: